Các phương pháp sơ đồ mạng trong xây dựng
Đã lưu trong:
| Tác giả chính: | |
|---|---|
| Định dạng: | Sách |
| Được phát hành: |
Xây dựng
1999
|
| Các nhãn: |
Thêm thẻ
Không có thẻ, Là người đầu tiên thẻ bản ghi này!
|
| Thư viện lưu trữ: | Mạng thư viện Đại học Đà Nẵng |
|---|
| LEADER | 00583nam a2200229 a 4500 | ||
|---|---|---|---|
| 001 | 000030083 | ||
| 003 | 218 | ||
| 005 | 20171030145630.0 | ||
| 008 | 171030s1999 | ||
| 020 | |c 20000 | ||
| 040 | |a LTT | ||
| 082 | 0 | |a 511.5 |b TR-T | |
| 100 | 1 | |a Trịnh Quốc Thắng, PTS | |
| 245 | 0 | 0 | |a Các phương pháp sơ đồ mạng trong xây dựng |c Trịnh Quốc Thắng. |
| 260 | |b Xây dựng |c 1999 | ||
| OWN | |a LTT | ||
| 999 | |a From the UDN01 | ||
| TYP | |a Monograph | ||
| TYP | |a Printed language | ||
| 980 | |a Mạng thư viện Đại học Đà Nẵng | ||